| 000 | 00584cab a2200217 4500 | ||
|---|---|---|---|
| 001 | WB2706-17 | ||
| 008 | 090401t1991 xxu||||| |||| 00| 0 eng d | ||
| 035 | _a(Sirsi) u2148 | ||
| 041 | _aeng | ||
| 245 | _aCommercial and industrial property review | ||
| 260 | _c1991 | ||
| 350 | _a0 | ||
| 490 |
_aGlasgow Herald _v6 February 1991, 27-34(8) LOAN |
||
| 520 | _aSpecial report on commercial and industrial property in Scotland . | ||
| 650 | _aABERDEEN | ||
| 650 | _aFALKIRK | ||
| 650 | _aGLASGOW | ||
| 690 | _aPROPERTY-COMMERCIAL PROPERTY | ||
| 942 | _n0 | ||
| 948 | _c04/03/1997 | ||
| 999 |
_c1291 _d1291 |
||